|
|
|
|
| LEADER |
00000nam a2200000 a 4500 |
| 001 |
vtls011757492 |
| 003 |
SK-MaSNL |
| 005 |
20260301142324.0 |
| 008 |
251112s1610 gw 000 0 ger |
| 015 |
|
|
|a SNBHFA1610
|
| 035 |
|
|
|a urn:nbn:sk:snk-am00dwxn
|
| 035 |
|
|
|a urn:nbn:sk:snk-am3i832
|
| 035 |
|
|
|a EFF113B3-2E5B-4B67-8B62-427D8FC79C81
|
| 040 |
|
|
|a SNKHF
|b slo
|c SNK
|e AACR2
|
| 041 |
0 |
|
|a ger
|
| 044 |
|
|
|a gw
|c DE
|
| 072 |
|
7 |
|a 2
|x Náboženstvo
|2 konspekt
|
| 072 |
|
7 |
|a 27
|x Kresťanstvo. Kresťanská cirkev všeobecne. Ekleziológia
|2 konspekt
|
| 080 |
|
|
|a 21/29-1/-9
|2 2011
|
| 080 |
|
|
|a 27
|2 2011
|
| 080 |
|
|
|a 274/279-1
|2 2011
|
| 100 |
1 |
|
|a Reneccius, Jacob,
|d 1572-1613
|4 aut
|9 441063
|
| 245 |
1 |
0 |
|a Principes Controvesiarum Articvli. Das ist Haupt-Streit-Articul
|c Durch M. Jacobum Reneccium
|
| 260 |
|
|
|a Getruckt zu Hamburg
|b In Verlegung Michael Herings
|c Im Jahr 1610
|
| 300 |
|
|
|a [10], 512, strán
|c 20 cm
|
| 500 |
|
|
|a Titulný list v rámčeku tlačeny čiernou a červenou farbou, typografické linky, text je umiestený v rámčeku, iniciálky s pozadím na 5 r., živé záhlavie, text doplnený tabuľkami, svetlotlač umiestnená pred titulnym listom, kustódy.
|
| 501 |
|
|
|a Príväzok 1.: MÜLLER, Johann. Wenschlich Getichte Derstoßung des grosten Theils der Menschen zur ewtgen verdamniß ohne anschen [...]. Hamburg : Getruckt daselbst Jacob Rebenlein, Anno 1637.
|5 SNK ID 100224/prív.1
|
| 504 |
|
|
|a Tlačené marginálie
|
| 508 |
|
|
|a Predslov autora
|
| 508 |
|
|
|a Dedikácia: Johann Wernicken Churs. Brandend.
|
| 546 |
|
|
|a Nemčina
|b Kurzíva
|
| 546 |
|
|
|a Latinčina
|b Antikva
|b Kurzíva
|
| 561 |
|
|
|a Z knižnice Učenej spoločnosti malohontskej.
|5 SNK ID 100224
|
| 561 |
|
|
|a Posesorký záznam na titulnom liste: Matthias Holko Tilzolczensis comparaiit hunc librum 1757. mense Maio.
|5 SNK ID 100224
|
| 561 |
|
|
|a Posesorký záznam pred titulnym listom : Andr. Bubenka in potestichem venit ab Anno 1789.
|5 SNK ID 100224
|
| 561 |
|
|
|a Neidentifikovateľný posesorksý rukopisný záznam na titulnom liste.
|5 SNK ID 100224
|
| 563 |
|
|
|a Kožená väzba.
|5 SNK ID 100224
|
| 650 |
0 |
7 |
|a evanjelická teológia
|2 SNKPH
|9 4016
|
| 700 |
1 |
|
|a Bubenka, Andrej
|4 fmo
|9 497735
|
| 700 |
1 |
|
|a Wernicke, Johann
|4 hnr
|9 497736
|
| 700 |
1 |
|
|a Holko, Matej,
|d 1719-1785
|4 fmo
|9 170552
|
| 700 |
1 |
|
|a Hering, Michael,
|d 1570-1633
|4 prt
|9 497737
|
| 710 |
2 |
|
|a Učená spoločnosť malohontská
|9 205374
|
| 710 |
0 |
|
|a Hering, Michael (Hamburg, Nemecko),
|d 1607-1633
|4 prt
|9 497738
|
| 752 |
|
|
|a Nemecko
|d Hamburg
|
| 852 |
|
|
|a snk
|b Historické fondy
|p ID 100224
|
| 958 |
|
|
|a ONDV
|
| 999 |
|
|
|c 769860
|d 771790
|
| 952 |
|
|
|t MHC II.B.e.86
|a SNK
|b SNK
|c SNK_HF
|y PREZ
|7 0
|p 17A1300795
|o snkID 100224
|i snk2018/11018
|8 5
|0 0
|1 0
|4 0
|d 2018-05-21
|f 1
|l 0
|r 2026-02-24 00:31:43
|w 2026-02-24
|